Catálogo
 En Linea
Vista normal Vista MARC

Entrada Nombre personal

Número de registros utilizados en: 3

001 - NÚMERO DE CONTROL

  • campo de control: 27152

003 - IDENTIFICADOR DEL NÚMERO DE CONTROL

  • campo de control: OSt

005 - FECHA Y HORA DE LA ÚLTIMA TRANSACCIÓN

  • campo de control: 20250124085409.0

008 - DATOS DE LONGITUD FIJA

  • campo de control de longitud fija: 200615|| aca||aabn | a|a d

010 ## - NÚMERO DE CONTROL DE LA BIBLIOTECA DEL CONGRESO

  • Número de control de LC: n 94042183

040 ## - FUENTE DE LA CATALOGACIÓN

  • Centro catalogador/agencia de origen: DO-SdBNP
  • Lengua de catalogación: spa
  • Centro/agencia transcriptor: BNPHU
  • Normas de descripción: rda

100 1# - ENCABEZAMIENTO-NOMBRE DE PERSONA

  • Nombre de persona: Mateo, Nicolás,
  • Fechas asociadas al nombre: 1964-

370 ## - LUGAR ASOCIADO

  • Lugar de nacimiento: San Juan de la Maguana (República Dominicana)

374 ## - OCUPACIÓN

  • Ocupación: Escritores
  • Ocupación: Ingeniero
  • Ocupación: Periodista

375 ## - GÉNERO/SEXO

  • Género/Sexo: Masculino

377 ## - LENGUA/LENGUAJE ASOCIADO

  • Código del idioma: spa
  • Término de lengua/lenguaje: Español

400 1# - TRAZADO DE VÉASE--NOMBRE DE PERSONA

  • Nombre de persona: Nicolás Mateo

670 ## - FUENTE DE DATOS ENCONTRADOS

  • Cita de la fuente: Work cat.: (OSt)11165: Mateo Nicolás, 1964-, El síndrome del adiós y otros des-cuentos /, 1994.

670 ## - FUENTE DE DATOS ENCONTRADOS

  • Cita de la fuente: Mateo Nicolás, 1964-, Aliento de canela y sal , 2024

670 ## - FUENTE DE DATOS ENCONTRADOS

  • Identificador Uniforme del Recurso: https://authorities.loc.gov/cgi-bin/Pwebrecon.cgi?AuthRecID=4061324&v1=1&HC=1&SEQ=20250124083503&PID=QQBRM1WOcD3b0nYsAsHBnVm-LPzMR Consultado en 24 de enero, 2025

Con tecnología Koha